[Event "38th Olympiad"]
[Site "Dresden GER"]
[Date "2008.11.13"]
[Round "1"]
[White "Efimenko,Z"]
[Black "Nguyen Van Huy"]
[Result "1-0"]
[WhiteElo "2680"]
[BlackElo "2422"]
[EventDate "2008.11.13"]

1. e4 c5 2. Nf3 e6 3. d4 cxd4 4. Nxd4 Nf6 5. Nc3 d6 6. Be2 a6 7. O-O Be7 8.
f4 Nc6 9. Be3 O-O 10. Qe1 Qc7 11. a4 Nxd4 12. Bxd4 e5 13. Be3 exf4 14. Bxf4
Be6 15. Qg3 Nd7 16. Bh6 Qc5+ 17. Kh1 Qe5 18. Bf4 Qc5 19. Bg4 Ne5 20. Bf5
Bf6 21. Rad1 g6 22. Bh6 Bg7 23. Bxg7 Kxg7 24. Rf4 b5 25. Rdf1 b4 26. Nd5
Bxd5 27. exd5 Rae8 28. Rh4 h6 29. Qf4 g5 30. Qg3 a5 31. c3 bxc3 32. bxc3
Qxd5 33. Rxh6 Rg8 34. Rh5 Kf8 35. Rxg5 Rxg5 36. Qxg5 Qc4 37. Rd1 Qc5 38. h3
Nc4 39. Qh6+ Ke7 40. Re1+ Ne5 41. Qh4+ Kf8 42. Bd7 Ra8 43. Qh8+ Ke7 44.
Qxa8 Kxd7 45. Qb7+ Ke6 46. Qb3+ Kf5 47. Rd1 Ke4 48. Qc2+ Kf4 49. Rf1+ Kg5
50. Qf5+ Kh6 51. Qf6+ Kh7 52. Rf5 1-0

[Event "38th Olympiad"]
[Site "Dresden GER"]
[Date "2008.11.13"]
[Round "1"]
[White "Balogh,C"]
[Black "Bagheri,A"]
[Result "1/2-1/2"]
[WhiteElo "2616"]
[BlackElo "2490"]
[EventDate "2008.11.13"]

1. e4 e5 2. Nf3 Nc6 3. Bb5 a6 4. Ba4 Nf6 5. O-O Be7 6. Re1 b5 7. Bb3 O-O 8.
c3 d6 9. h3 Nb8 10. d4 Nbd7 11. Nbd2 Bb7 12. Bc2 Re8 13. Nf1 Bf8 14. Ng3 g6
15. b3 c6 16. Bg5 Bg7 17. Qd2 Qc7 18. a4 Nf8 19. b4 Ne6 20. Be3 Rad8 21.
Qc1 Nd7 22. Bh6 Bf6 23. dxe5 dxe5 24. Nh2 c5 25. axb5 axb5 26. Ng4 Be7 27.
bxc5 Ndxc5 28. Qe3 Nf4 29. Red1 Bc8 30. Qf3 Nce6 1/2-1/2

[Event "38th Olympiad"]
[Site "Dresden GER"]
[Date "2008.11.13"]
[Round "1"]
[White "Mahjoob,M"]
[Black "Berkes,F"]
[Result "1/2-1/2"]
[WhiteElo "2507"]
[BlackElo "2645"]
[EventDate "2008.11.13"]

1. e4 c6 2. c4 d5 3. cxd5 cxd5 4. exd5 Nf6 5. Qa4+ Nbd7 6. Nc3 g6 7. Bc4
Bg7 8. Nf3 O-O 9. d3 a6 10. Qa3 Qc7 11. O-O Ne5 12. Nxe5 Qxe5 13. h3 b5 14.
Bb3 Bb7 15. Bd2 Nxd5 16. Nxd5 Bxd5 17. Bc3 Qg5 18. Bxd5 Qxd5 19. Bxg7 Kxg7
20. Qxe7 Rfe8 21. Qa3 Qd4 22. Rfe1 Rxe1+ 23. Rxe1 Rc8 24. Qb3 Rc5 25. g3 a5
26. Re7 Qf6 27. Re4 a4 28. Qb4 Rc2 29. Rf4 Qe5 30. b3 a3 31. Qxa3 Qe1+ 32.
Kg2 Rc1 33. Qb2+ Kg8 34. Kf3 Qh1+ 35. Ke3 Re1+ 36. Kd2 Rd1+ 37. Ke3 Re1+
38. Kd4 Qc6 39. Qd2 Rc1 40. Ke3 Rc2 41. Qa5 Qc5+ 42. Rd4 Rb2 43. Qb4 Qc1+
44. Kf3 Qc6+ 45. Ke3 Qc1+ 46. Kf3 Qc6+ 47. Ke3 1/2-1/2

[Event "38th Olympiad"]
[Site "Dresden GER"]
[Date "2008.11.13"]
[Round "1"]
[White "Bindrich,F"]
[Black "Delchev,A"]
[Result "1/2-1/2"]
[WhiteElo "2517"]
[BlackElo "2632"]
[EventDate "2008.11.13"]

1. Nf3 Nf6 2. c4 g6 3. Nc3 d5 4. cxd5 Nxd5 5. Qa4+ Bd7 6. Qh4 Nxc3 7. dxc3
Nc6 8. e4 e5 9. Bg5 Be7 10. Bc4 h6 11. Bxe7 Qxe7 12. Qg3 O-O-O 13. Bd5 Rde8
14. O-O Qf6 15. Rfd1 Re7 16. Nd2 Nd8 17. a4 Ne6 18. Qe3 Kb8 19. Nb3 Nf4 20.
Nc5 Qg5 21. g3 Nxd5 22. Nxd7+ Rxd7 23. Rxd5 Rxd5 24. exd5 Rd8 25. c4 c6 26.
Qc5 e4 27. Rd1 Qe5 28. b4 Qd6 29. Qe3 Qxb4 30. Qf4+ Ka8 31. Qc7 Qd6 32.
Qxf7 g5 33. Kg2 c5 34. Qe6 Qd7 35. Qxd7 Rxd7 36. Re1 a6 37. Rxe4 b5 38.
axb5 axb5 39. cxb5 Rxd5 40. g4 Kb7 41. Re6 Rd4 42. Kg3 Rb4 43. Rxh6 Rxb5
44. h4 gxh4+ 45. Rxh4 c4 46. Rh1 c3 47. Rc1 Rc5 48. f4 Kc6 49. g5 Kd6 50.
Kg4 Ke6 51. Kh5 Kf5 52. g6 Kxf4+ 53. Kh6 Ke4 54. g7 Rc8 55. Rxc3 Rxc3 56.
g8=R Kd4 1/2-1/2

[Event "38th Olympiad"]
[Site "Dresden GER"]
[Date "2008.11.13"]
[Round "1"]
[White "Iotov,V"]
[Black "Bogner,S"]
[Result "1-0"]
[WhiteElo "2532"]
[BlackElo "2448"]
[EventDate "2008.11.13"]

1. d4 Nf6 2. c4 g6 3. Nc3 Bg7 4. e4 d6 5. Nf3 O-O 6. Be2 Bg4 7. Be3 Nfd7 8.
d5 a6 9. O-O c6 10. Nd2 Bxe2 11. Qxe2 b5 12. a3 Nc5 13. Rac1 Na4 14. Nxa4
bxa4 15. Nf3 c5 16. Qc2 Qe8 17. Rb1 Ra7 18. Rfe1 Rb7 19. e5 Nd7 20. exd6
exd6 21. Bd4 Qd8 22. Bxg7 Kxg7 23. Qxa4 a5 24. h3 Kg8 25. Re3 Nb6 26. Qc2
Qf6 27. Nd2 Re7 28. Ne4 Qf5 29. Rbe1 Rfe8 30. Qe2 Nc8 31. b3 h5 32. Qd3 Re5
33. R1e2 Kf8 34. Rf3 Rxe4 35. Rxf5 Rxe2 36. Rf6 Kg7 37. Re6 R8xe6 38. dxe6
Re1+ 39. Kh2 Rxe6 40. Qc3+ Rf6 41. f4 h4 42. Qxa5 Ne7 43. Qd2 Nf5 44. b4
Re6 45. b5 1-0

[Event "38th Olympiad"]
[Site "Dresden GER"]
[Date "2008.11.13"]
[Round "1"]
[White "Miezis,N"]
[Black "Roiz,M"]
[Result "1/2-1/2"]
[WhiteElo "2552"]
[BlackElo "2677"]
[EventDate "2008.11.13"]

1. c4 Nf6 2. Nc3 c5 3. e4 Nc6 4. g3 g6 5. Bg2 Bg7 6. Nge2 O-O 7. O-O Ne8 8.
a3 d6 9. Rb1 a5 10. d3 Nc7 11. Nd5 Rb8 12. Nxc7 Qxc7 13. Nc3 Bd7 14. Bf4
Qd8 15. Nb5 Nd4 16. a4 Bc6 17. Be3 Qd7 18. f4 f5 19. Qd2 Nb3 20. Qd1 Nd4
21. Qd2 Nb3 22. Qd1 Nd4 23. Qd2 1/2-1/2

[Event "38th Olympiad"]
[Site "Dresden GER"]
[Date "2008.11.13"]
[Round "1"]
[White "Meijers,V"]
[Black "Postny,E"]
[Result "1/2-1/2"]
[WhiteElo "2514"]
[BlackElo "2674"]
[EventDate "2008.11.13"]

1. c4 Nf6 2. Nf3 c6 3. b3 d5 4. Bb2 Bg4 5. e3 e6 6. Be2 Nbd7 7. Ne5 Bxe2 8.
Qxe2 Nxe5 9. Bxe5 Bd6 10. Bxd6 Qxd6 11. O-O d4 12. d3 dxe3 13. fxe3 O-O-O
14. d4 e5 15. d5 cxd5 16. Nc3 dxc4 17. Nb5 Qd3 18. Qf3 Qd5 19. Qxd5 Rxd5
20. bxc4 Rd3 21. Nxa7+ Kb8 22. Nb5 Rc8 23. Rac1 Rc6 24. e4 Rd7 25. Rfe1 b6
26. Rc2 Rd3 27. h3 Nd7 28. Rf1 f6 29. Rf3 Rd1+ 30. Kh2 Nc5 31. Re3 Ne6 32.
Rb3 Rd7 33. Rcb2 Nc5 34. Re3 Nb7 35. Nc3 Na5 36. Nd5 Nxc4 37. Rc3 Rdd6 38.
Rxc4 Rxc4 39. Nxb6 Rxb6 40. Rxb6+ Kc7 41. Ra6 Rxe4 42. Ra7+ Kd6 43. Rxg7 h5
44. Kg3 h4+ 45. Kf3 Rf4+ 46. Ke3 Ra4 47. Rg4 Rxa2 48. Kf3 f5 49. Rxh4 e4+
50. Kf4 Rf2+ 51. Kg3 e3 52. Rh8 Ke5 53. Re8+ Kd4 54. h4 Kd3 55. h5 f4+ 56.
Kg4 e2 57. h6 Rxg2+ 58. Kxf4 Rg6 59. h7 Rh6 60. Rd8+ Kc2 61. Rc8+ Kd1 62.
Rd8+ Kc2 63. Rc8+ 1/2-1/2

[Event "38th Olympiad"]
[Site "Dresden GER"]
[Date "2008.11.13"]
[Round "1"]
[White "Buhmann,R"]
[Black "Shirov,A"]
[Result "0-1"]
[WhiteElo "2541"]
[BlackElo "2726"]
[EventDate "2008.11.13"]

1. Nf3 d5 2. d4 Nf6 3. c4 c6 4. e3 Bf5 5. Nc3 e6 6. Nh4 Bg6 7. Nxg6 hxg6 8.
g3 Nbd7 9. a3 Be7 10. cxd5 exd5 11. Bg2 Nb6 12. O-O Qd7 13. Re1 O-O-O 14.
b4 Kb8 15. Qb3 Rh5 16. e4 g5 17. b5 Rdh8 18. bxc6 bxc6 19. Na4 Rxh2 20.
Nxb6 Rxg2+ 21. Kxg2 Qh3+ 22. Kf3 Qg4+ 23. Ke3 Qxe4+ 24. Kd2 Qxd4+ 25. Kc2
Qxf2+ 26. Kd1 Qd4+ 27. Bd2 axb6 28. Rxe7 Rh1+ 29. Kc2 Rxa1 30. Qc3 Ra2+ 31.
Kc1 Rxd2 0-1

[Event "38th Olympiad"]
[Site "Dresden GER"]
[Date "2008.11.13"]
[Round "1"]
[White "Naumann,A"]
[Black "Illescas Cordoba,M"]
[Result "1/2-1/2"]
[WhiteElo "2518"]
[BlackElo "2604"]
[EventDate "2008.11.13"]

1. d4 Nf6 2. c4 e6 3. Nf3 d5 4. Nc3 c5 5. cxd5 Nxd5 6. g3 Nc6 7. Bg2 cxd4
8. Nxd4 Ndb4 9. Nxc6 Qxd1+ 10. Nxd1 Nxc6 11. Ne3 Bb4+ 12. Bd2 Bxd2+ 13.
Kxd2 Bd7 14. Rhd1 Ke7 15. Rac1 Rhd8 16. Ke1 Be8 17. a3 Rxd1+ 18. Rxd1 Rd8
19. Rxd8 Nxd8 20. Kd2 b6 21. Kc3 f6 22. Nc4 Bh5 23. Kd3 Nf7 24. e3 Ng5 25.
f4 Nf7 26. Be4 h6 27. Bg2 Nd6 28. Nxd6 Kxd6 29. Kd4 Be8 30. Bf3 Bd7 31. Bg2
Be8 1/2-1/2

[Event "38th Olympiad"]
[Site "Dresden GER"]
[Date "2008.11.13"]
[Round "1"]
[White "Khamrakulov,I"]
[Black "Heimann,An"]
[Result "1-0"]
[WhiteElo "2580"]
[BlackElo "2428"]
[EventDate "2008.11.13"]

1. e4 e5 2. Nf3 Nc6 3. Bc4 Nf6 4. d3 Be7 5. O-O O-O 6. Nc3 d6 7. h3 Na5 8.
Bb3 Nxb3 9. axb3 c5 10. Bg5 Be6 11. Qd2 Nh5 12. Bxe7 Qxe7 13. Qg5 Qxg5 14.
Nxg5 a6 15. Nxe6 fxe6 16. Ra4 Nf4 17. Rfa1 Rf6 18. Kh2 Raf8 19. f3 Rg6 20.
Rg1 Rh6 21. b4 cxb4 22. Rxb4 b5 23. Rf1 Rff6 24. Nd1 Rhg6 25. Ne3 h5 26.
Rf2 Rh6 27. Rd2 d5 28. exd5 exd5 29. d4 e4 30. fxe4 dxe4 31. d5 Rf7 32.
Rxe4 Rd6 33. b3 a5 34. c4 bxc4 35. bxc4 a4 36. c5 1-0

[Event "38th Olympiad"]
[Site "Dresden GER"]
[Date "2008.11.13"]
[Round "1"]
[White "Istratescu,A"]
[Black "Amin,B"]
[Result "1-0"]
[WhiteElo "2633"]
[BlackElo "2560"]
[EventDate "2008.11.13"]

1. d4 f5 2. g3 e6 3. Bg2 Nf6 4. Nf3 Be7 5. O-O O-O 6. c4 d6 7. Nc3 Qe8 8.
Qc2 Nc6 9. d5 Nb4 10. Qb3 Na6 11. dxe6 Nc5 12. Qc2 Bxe6 13. Nd4 Bxc4 14.
Nxf5 a5 15. Be3 Ba6 16. a3 c6 17. Rad1 Rd8 18. b4 Ne6 19. b5 Bxb5 20. Nxb5
cxb5 21. Bb6 Rd7 22. Qb3 d5 23. Bxa5 Bc5 24. Bc3 Nc7 25. e3 Ne4 26. Nxg7
Qg6 27. Ba1 Nf6 28. Ne6 Nxe6 29. Qxb5 Rfd8 30. Qb3 Ne4 31. f3 Nf6 32. Kh1
Nh5 33. f4 Qh6 34. e4 Nf6 35. Bxf6 Qxf6 36. e5 Qf5 37. Rxd5 Kf8 38. a4 b6
39. Qc4 Nc7 40. Rxd7 Rxd7 41. a5 Qd3 42. Qxd3 Rxd3 43. Be4 Rd2 44. Rc1 h5
45. axb6 Bxb6 46. Rc6 Ba5 47. h4 Ke7 48. Bf3 Ne6 49. f5 Nd8 50. Rh6 Bc3 51.
Rh7+ Kf8 52. e6 Bf6 53. Bxh5 Rd5 54. Bg6 Re5 55. g4 Bg7 56. g5 Nxe6 57. f6
Kg8 58. Kh2 Re2+ 59. Kg3 Re3+ 60. Kg4 Re1 61. fxg7 Rg1+ 62. Kf5 Nxg5 63.
Rh5 Ne6 64. Bh7+ Kxg7 65. Kxe6 Re1+ 66. Kd6 Re8 67. Bc2 Rh8 68. Rg5+ Kf6
69. Rg6+ Kf7 70. Rg4 Kf6 71. Rf4+ Kg7 72. Ke7 Rc8 73. Bf5 Rf8 74. h5 Rf7+
75. Ke6 Rf6+ 76. Ke5 Ra6 77. Rg4+ Kh8 78. Rg6 Ra5+ 79. Kf4 Rc5 80. h6 Rc4+
81. Kg5 Rc1 82. Ra6 Rg1+ 83. Bg4 Kh7 84. Ra7+ Kh8 85. Re7 1-0

[Event "38th Olympiad"]
[Site "Dresden GER"]
[Date "2008.11.13"]
[Round "1"]
[White "Vajda,Le"]
[Black "Frhat,A"]
[Result "1-0"]
[WhiteElo "2582"]
[BlackElo "2418"]
[EventDate "2008.11.13"]

1. e4 c5 2. c3 d5 3. exd5 Qxd5 4. d4 g6 5. Nf3 Bg7 6. Na3 Nf6 7. Nb5 Na6 8.
Qb3 cxd4 9. Bc4 Qe4+ 10. Kf1 Be6 11. Bxe6 Qxe6 12. Qxe6 fxe6 13. Nbxd4 Nc5
14. b4 e5 15. bxc5 exd4 16. cxd4 O-O-O 17. Be3 Nd5 18. Bd2 Rhe8 19. Re1 Nc7
20. Bg5 Rd7 21. h4 Nb5 22. h5 h6 23. Bf4 gxh5 24. Be5 Bxe5 25. dxe5 Rd5 26.
Rxh5 Rxc5 27. Rxh6 Rd8 28. Rh7 Rc7 29. e6 b6 30. g4 Nd4 31. Ne5 Rd6 32. Nf7
Rd5 33. Rd1 Rcc5 34. Rh8+ Kc7 35. Re8 Nxe6 36. Rxe7+ Kb8 37. Re8+ 1-0

[Event "38th Olympiad"]
[Site "Dresden GER"]
[Date "2008.11.13"]
[Round "1"]
[White "Haznedaroglu,K"]
[Black "Conquest,S"]
[Result "1-0"]
[WhiteElo "2436"]
[BlackElo "2526"]
[EventDate "2008.11.13"]

1. e4 c5 2. Nf3 e6 3. d4 cxd4 4. Nxd4 a6 5. Bd3 Bc5 6. Nb3 Ba7 7. Qe2 Nc6
8. Be3 d6 9. N1d2 Nf6 10. O-O e5 11. Bxa7 Rxa7 12. Nc4 O-O 13. Ne3 Be6 14.
c3 b5 15. Rfd1 Qb8 16. Rac1 Nd7 17. Bb1 Nb6 18. Nd2 Nd7 19. Nf3 Nf6 20. Ng5
h6 21. Nxe6 fxe6 22. a3 Kh8 23. Ng4 Raf7 24. Rd2 Qa7 25. Nxf6 Rxf6 26. Qe3
Qc7 27. Rcd1 Na5 28. Ba2 Rd8 29. b4 Nc4 30. Bxc4 bxc4 31. a4 Qc6 32. a5 Rf7
33. f3 Rb7 34. f4 exf4 35. Qxf4 Rbd7 36. h3 d5 37. exd5 Rxd5 38. Rxd5 Rxd5
39. Rd4 Rg5 40. Qe4 Rd5 41. Rxc4 Qd7 42. Rd4 Rxd4 43. Qxd4 Qb5 44. Qe4 Qg5
45. Kh2 Qd2 46. Qd4 Qe2 47. c4 e5 48. Qg4 Qe1 49. c5 e4 50. Qc8+ Kh7 51.
Qf5+ Kh8 52. Qf8+ Kh7 53. c6 1-0

[Event "38th Olympiad"]
[Site "Dresden GER"]
[Date "2008.11.13"]
[Round "1"]
[White "Pantsulaia,L"]
[Black "Lehtinen,H"]
[Result "1-0"]
[WhiteElo "2580"]
[BlackElo "2381"]
[EventDate "2008.11.13"]

1. Nf3 c5 2. c4 Nc6 3. Nc3 e5 4. g3 g6 5. Bg2 Bg7 6. O-O d6 7. Ne1 Be6 8.
d3 Nge7 9. Nd5 O-O 10. Nc2 Rb8 11. b3 Qd7 12. Re1 Bh3 13. Bh1 Nxd5 14. cxd5
Nd4 15. Na3 e4 16. Rb1 exd3 17. Qxd3 Bf5 18. e4 Bh3 19. b4 f5 20. e5 dxe5
21. bxc5 e4 22. Qc4 b5 23. cxb6 axb6 24. d6+ Kh8 25. Bb2 Qxd6 26. Red1 Rbd8
27. Bxd4 Bxd4 28. Nb5 Qc5 29. Rxd4 Qxc4 30. Rxc4 Rd2 31. a4 Rfd8 32. Rcc1
R8d3 33. Nc3 h5 34. Nd1 Ra2 35. Rxb6 Rdd2 36. Rb7 Rac2 37. Rcb1 Re2 38. Ne3
Ra2 39. Bg2 Bxg2 40. Rc1 1-0

[Event "38th Olympiad"]
[Site "Dresden GER"]
[Date "2008.11.13"]
[Round "1"]
[White "Karttunen,M"]
[Black "Arutinian,D"]
[Result "1-0"]
[WhiteElo "2411"]
[BlackElo "2584"]
[EventDate "2008.11.13"]

1. d4 e6 2. Nf3 c5 3. e3 Nf6 4. Bd3 d5 5. O-O Nc6 6. Nbd2 Bd6 7. dxc5 Bxc5
8. c4 O-O 9. a3 a5 10. Qc2 Qe7 11. b3 d4 12. exd4 Nxd4 13. Nxd4 Bxd4 14.
Bb2 Bxb2 15. Qxb2 Rd8 16. Be2 e5 17. Rfe1 e4 18. Nf1 b6 19. Ne3 h5 20. b4
Bg4 21. Bf1 Rd7 22. h3 Be6 23. Rec1 Rda7 24. bxa5 bxa5 25. c5 Rc7 26. c6
Bd5 27. Qb5 Qe6 28. Nxd5 Qxd5 29. Qxd5 Nxd5 30. Rc5 Ne7 31. Bb5 Rd8 32.
Rxh5 Rd4 33. Rc5 f5 34. Rac1 Kf7 35. Ba6 Ra4 36. Bc4+ Kf6 37. Ra1 g6 38. h4
f4 39. Re1 Rxa3 40. Rxe4 Kg7 41. Bb5 f3 42. g4 Nc8 43. Kh2 Nd6 44. Re6 Nxb5
45. Rxb5 Rc3 46. Rxa5 R3xc6 47. Rxc6 Rxc6 48. Kg3 Rc1 49. Kxf3 1-0

[Event "38th Olympiad"]
[Site "Dresden GER"]
[Date "2008.11.13"]
[Round "1"]
[White "Kindermann,S"]
[Black "Agdestein,S"]
[Result "1/2-1/2"]
[WhiteElo "2517"]
[BlackElo "2588"]
[EventDate "2008.11.13"]

1. e4 e5 2. Nf3 Nc6 3. Bc4 Nf6 4. d3 h6 5. O-O d6 6. c3 g6 7. d4 Qe7 8. Bb5
Bd7 9. d5 Nd8 10. Bxd7+ Nxd7 11. c4 Bg7 12. Nc3 O-O 13. g3 f5 14. Nh4 Qf6
15. exf5 gxf5 16. f4 e4 17. Be3 c5 18. dxc6 bxc6 19. Ne2 c5 20. Nc3 Nb6 21.
Nd5 Nxd5 22. Qxd5+ Ne6 23. Rad1 Rad8 24. Rd2 Qf7 25. g4 fxg4 26. Qxe4 Ng5
27. Qg2 Nh3+ 28. Kh1 Qxc4 29. b3 Qe6 30. Rd3 h5 31. f5 Qf6 32. Ng6 Rfe8 33.
Bd2 d5 34. Rxd5 Kh7 35. Nf4 Nxf4 36. Bxf4 Re2 37. Qxe2 Rxd5 38. Bb8 Rd7 39.
Qe6 Rd2 40. Qe8 h4 41. Qh5+ Kg8 42. Qxg4 Rxa2 43. Qe4 Kh7 44. Bd6 Ra1 45.
Rxa1 Qxa1+ 46. Kg2 Qa2+ 47. Kf1 Qa6+ 48. Kg2 Qxd6 49. f6+ Kg8 50. Qc4+ Kf8
51. fxg7+ Kxg7 52. Qxh4 Qd5+ 53. Kf2 Qxb3 54. Qg5+ Kh7 1/2-1/2

[Event "38th Olympiad"]
[Site "Dresden GER"]
[Date "2008.11.13"]
[Round "1"]
[White "Lie,K"]
[Black "Atlas,V"]
[Result "1-0"]
[WhiteElo "2526"]
[BlackElo "2465"]
[EventDate "2008.11.13"]

1. e4 c5 2. Nf3 e6 3. d4 cxd4 4. Nxd4 Nf6 5. Nc3 d6 6. g4 h6 7. h4 Be7 8.
Qf3 Nc6 9. Bb5 Bd7 10. Bxc6 bxc6 11. g5 Nh7 12. e5 d5 13. gxh6 gxh6 14.
Bxh6 Nf8 15. Bg7 Rxh4 16. O-O-O Ng6 17. Rdg1 Bg5+ 18. Kb1 Qe7 19. Rxh4 Bxh4
20. Qe3 O-O-O 21. Nf3 Rg8 22. Bh6 Kb8 23. Na4 Ka8 24. Nc5 Bc8 25. Rg4 f5
26. Rb4 f4 27. Bxf4 d4 28. Qb3 Bb7 29. Nxb7 Nxf4 30. Nd6 d3 31. Rxf4 d2 32.
Qd3 Bxf2 33. Qxd2 Bg3 34. Rf7 Qd8 35. Qb4 Qb6 36. Qxb6 axb6 37. a4 Bf2 38.
Rf6 Rg4 39. Rxe6 Rxa4 40. Re8+ Ka7 41. e6 1-0

[Event "38th Olympiad"]
[Site "Dresden GER"]
[Date "2008.11.13"]
[Round "1"]
[White "Smeets,J"]
[Black "Hossain,Enam"]
[Result "1-0"]
[WhiteElo "2604"]
[BlackElo "2494"]
[EventDate "2008.11.13"]

1. e4 e5 2. Nf3 Nc6 3. Bb5 a6 4. Ba4 Nf6 5. O-O Be7 6. Re1 b5 7. Bb3 d6 8.
c3 O-O 9. h3 Nb8 10. d4 Nbd7 11. Nbd2 Bb7 12. Bc2 Re8 13. Nf1 Bf8 14. Ng3
g6 15. b3 c6 16. Bg5 Bg7 17. Qd2 Qe7 18. Rad1 Qf8 19. Nh2 h6 20. Be3 exd4
21. cxd4 c5 22. d5 Re7 23. Nf3 Ne5 24. Nh4 b4 25. f4 Ned7 26. Bf2 Ne8 27.
e5 dxe5 28. f5 e4 29. fxg6 Bc3 30. Qe3 Bxe1 31. Bxe1 Re5 32. Ngf5 fxg6 33.
Nxh6+ Kh7 34. Ng4 Rxd5 35. Qxe4 Nef6 36. Qxg6+ Kh8 37. Rxd5 Bxd5 38. Nxf6
Nxf6 39. Nf5 Qf7 40. Qh6+ Nh7 41. Bg3 Qf6 42. Qxf6+ Nxf6 43. Be5 Kg8 44.
Bxf6 Be6 45. g4 c4 46. g5 cxb3 47. Nh6+ Kf8 48. Bxb3 1-0

[Event "38th Olympiad"]
[Site "Dresden GER"]
[Date "2008.11.13"]
[Round "1"]
[White "Socko,B"]
[Black "Baburin,A"]
[Result "1-0"]
[WhiteElo "2631"]
[BlackElo "2544"]
[EventDate "2008.11.13"]

1. e4 Nf6 2. e5 Nd5 3. d4 d6 4. Nf3 dxe5 5. Nxe5 c6 6. Bc4 Nd7 7. Nf3 N7f6
8. O-O Bg4 9. Nbd2 e6 10. h3 Bh5 11. Re1 Be7 12. Bf1 O-O 13. g4 Bg6 14. Ne5
Nd7 15. Nxg6 hxg6 16. c4 N5b6 17. Nf3 c5 18. Be3 cxd4 19. Bxd4 Bf6 20. Qe2
e5 21. Bc3 Re8 22. b3 e4 23. Bxf6 Nxf6 24. Nd2 Nbd7 25. g5 Nh5 26. Nxe4 Nc5
27. Rad1 Qa5 28. Qd2 Qxd2 29. Nxd2 Nf4 30. Nf3 Rxe1 31. Rxe1 Rd8 32. b4
Nce6 33. c5 Nd4 34. Nxd4 Rxd4 35. a3 Kf8 36. h4 a5 37. b5 Ne6 38. c6 b6 39.
Rxe6 1-0

[Event "38th Olympiad"]
[Site "Dresden GER"]
[Date "2008.11.13"]
[Round "1"]
[White "Wojtaszek,R"]
[Black "Collins,S IRL"]
[Result "1-0"]
[WhiteElo "2599"]
[BlackElo "2412"]
[EventDate "2008.11.13"]

1. d4 d5 2. c4 c6 3. Nc3 Nf6 4. e3 g6 5. Nf3 Bg7 6. Bd3 Bg4 7. O-O O-O 8.
h3 Bxf3 9. Qxf3 e6 10. Rd1 Nbd7 11. b3 Re8 12. Bf1 e5 13. dxe5 Nxe5 14. Qe2
Qa5 15. Qc2 dxc4 16. bxc4 Ned7 17. Rb1 Nc5 18. Bd2 Qc7 19. Ne2 Nfe4 20. Bb4
b6 21. Be1 Rad8 22. f3 Nd6 23. Bf2 Ne6 24. g3 Qe7 25. Bg2 Nf5 26. Re1 Rd6
27. f4 Nc5 28. e4 Nd3 29. exf5 Nxf2 30. Nd4 Qf8 31. Nxc6 Nd3 32. Re2 Bf6
33. Bd5 Rxe2 34. Qxe2 Nc5 35. Ne5 gxf5 36. Bxf7+ Kg7 37. Bd5 Qe8 38. Re1 a5
39. Qg2 Qc8 40. g4 fxg4 41. Nxg4 Bd4+ 42. Kh2 Kh8 43. Re7 Rd7 44. Rxd7 Qxd7
45. Ne5 Qg7 46. Nf7+ Kg8 47. Ng5+ Kh8 48. Qg4 1-0

[Event "38th Olympiad"]
[Site "Dresden GER"]
[Date "2008.11.13"]
[Round "1"]
[White "Quinn,M"]
[Black "Gajewski,G"]
[Result "0-1"]
[WhiteElo "2401"]
[BlackElo "2577"]
[EventDate "2008.11.13"]

1. d4 Nf6 2. c4 e6 3. Nc3 Bb4 4. e3 c5 5. Nge2 b6 6. a3 Ba5 7. Rb1 Na6 8.
Bd2 Qe7 9. Ng3 O-O 10. Bd3 d5 11. O-O dxc4 12. Bxc4 cxd4 13. exd4 Bxc3 14.
bxc3 Nc7 15. Bd3 Ba6 16. c4 Rfd8 17. Re1 Qd7 18. Bc3 Nce8 19. Re3 Rac8 20.
Rb4 b5 21. cxb5 Nd5 22. bxa6 Nxe3 23. fxe3 Rxc3 24. Rb7 Rc7 25. Ne4 Qe7 26.
Nc5 e5 27. Rxc7 Nxc7 28. Nb7 Re8 29. d5 Nxd5 30. e4 Nf4 31. Bb5 Rc8 32. Bd7
Ra8 0-1

[Event "38th Olympiad"]
[Site "Dresden GER"]
[Date "2008.11.13"]
[Round "1"]
[White "Lima,Da"]
[Black "Ivanisevic,I"]
[Result "1/2-1/2"]
[WhiteElo "2488"]
[BlackElo "2658"]
[EventDate "2008.11.13"]

1. e4 c5 2. Nf3 e6 3. c3 Nf6 4. e5 Nd5 5. d4 cxd4 6. cxd4 d6 7. Bc4 Nb6 8.
Bd3 Nc6 9. O-O Nb4 10. Bg5 Be7 11. Bxe7 Qxe7 12. exd6 Qxd6 13. Be4 f5 14.
Bd3 O-O 15. Nc3 Bd7 16. Bb5 Bc6 17. Bxc6 Nxc6 18. Qb3 Rf6 19. Rfd1 Rd8 20.
a3 h6 21. Rac1 g5 22. Ne2 Rd7 23. Ne5 Nxe5 24. dxe5 Qxe5 25. Rxd7 Nxd7 26.
Qxb7 Rf7 27. Ng3 Nf6 28. Qc8+ Kg7 29. b4 f4 30. Nf1 Rd7 31. h3 Qe2 32. Rc2
Qd1 33. Rc1 Qd3 34. Rc3 Qd4 35. Rc4 Qd1 36. Rc1 Qe2 37. Rc2 Qd3 38. Rc3 Qd6
39. Rc6 Qe7 40. Qa6 Kf7 41. Qc4 Rd6 42. Rc7 Rd7 43. Rc6 Rd6 44. Rc7 Rd7 45.
Rc6 1/2-1/2

[Event "38th Olympiad"]
[Site "Dresden GER"]
[Date "2008.11.13"]
[Round "1"]
[White "Braga,C"]
[Black "Perunovic,Mil"]
[Result "1/2-1/2"]
[WhiteElo "2415"]
[BlackElo "2580"]
[EventDate "2008.11.13"]

1. g3 Nf6 2. Bg2 e6 3. Nf3 d5 4. O-O Be7 5. b3 O-O 6. c4 c6 7. Bb2 b5 8. d3
Nbd7 9. Nbd2 Qb6 10. Qc2 Bb7 11. e4 Rfd8 12. e5 Ne8 13. d4 c5 14. dxc5 Bxc5
15. Ng5 Nf8 16. cxd5 Rac8 17. Nde4 Be7 18. Qd2 exd5 19. Nc3 Qg6 20. Nf3 d4
21. Nxd4 Bxg2 22. Kxg2 Ne6 23. Nce2 Qe4+ 24. Kg1 Ng5 25. f3 Qxe5 26. f4 Ne4
27. fxe5 Nxd2 28. Rfd1 Ne4 29. Rac1 Nc7 30. Nc6 Rxd1+ 31. Rxd1 Bc5+ 32. Bd4
Ne6 33. Bxc5 Rxc6 34. Bxa7 Rc2 35. Nd4 Rxa2 36. Nxb5 Ra5 37. Rd5 h5 38. Be3
Ra1+ 39. Kg2 Rb1 40. Rd3 Rb2+ 41. Kg1 Rb1+ 42. Kg2 Rb2+ 43. Kg1 Rb1+
1/2-1/2

[Event "38th Olympiad"]
[Site "Dresden GER"]
[Date "2008.11.13"]
[Round "1"]
[White "Vuckovic,Bo"]
[Black "Diamant,A"]
[Result "1-0"]
[WhiteElo "2561"]
[BlackElo "2412"]
[EventDate "2008.11.13"]

1. e4 c5 2. Nf3 d6 3. d4 cxd4 4. Nxd4 Nf6 5. Nc3 Nc6 6. Bg5 e6 7. Qd2 Be7
8. O-O-O a6 9. f3 Nxd4 10. Qxd4 b5 11. Kb1 Bb7 12. h4 Qc7 13. Qd2 Rc8 14.
Bd3 h6 15. Be3 b4 16. Ne2 d5 17. e5 Ne4 18. Bxe4 dxe4 19. f4 O-O 20. Nd4
Rfd8 21. Qf2 a5 22. Nb5 Qc4 23. Nd6 Bxd6 24. Rxd6 Rxd6 25. exd6 Qd5 26. f5
Qxd6 27. f6 a4 28. b3 axb3 29. axb3 Bd5 30. Rd1 Qe5 31. Bd4 e3 32. Bxe5
exf2 33. Rf1 gxf6 34. Bxf6 Bxg2 35. Rxf2 Be4 36. Kb2 h5 37. Be7 Rb8 38. Bf6
Rb7 39. Rf4 Bd5 40. Rd4 Kh7 41. Be5 f5 42. Bd6 Kg6 43. Bxb4 f4 44. Bd6 f3
45. Rf4 Rf7 46. Rxf7 Kxf7 47. Bg3 Kf6 48. c4 Bb7 49. Kc3 Kf5 50. b4 Kg4 51.
Bf2 Kh3 52. Kd4 Kg2 53. Be3 f2 54. Bxf2 Kxf2 55. b5 Kg3 56. c5 e5+ 57. Kxe5
Bf3 58. c6 Kxh4 59. Kd6 Kg3 60. b6 h4 61. b7 h3 62. b8=Q h2 63. Kc5+ Kg2
64. Qb2+ Kg3 65. c7 h1=Q 66. c8=Q Qg1+ 67. Kb5 Qa7 68. Qe5+ Kg2 69. Qc2+
Kf1 70. Qc1+ Kg2 71. Qeg5+ Kh3 72. Qf1+ 1-0

[Event "38th Olympiad"]
[Site "Dresden GER"]
[Date "2008.11.13"]
[Round "1"]
[White "Azarov,S"]
[Black "Cuartas,Ja"]
[Result "0-1"]
[WhiteElo "2613"]
[BlackElo "2489"]
[EventDate "2008.11.13"]

1. e4 c5 2. Nf3 Nc6 3. d4 cxd4 4. Nxd4 Nf6 5. Nc3 e6 6. Ndb5 Bb4 7. a3
Bxc3+ 8. Nxc3 d5 9. Bd3 dxe4 10. Nxe4 Nxe4 11. Bxe4 Qxd1+ 12. Kxd1 Bd7 13.
c3 O-O-O 14. Kc2 Ne5 15. Bf4 Bc6 16. Rhe1 Ng6 17. Bg5 f6 18. Bxc6 bxc6 19.
Be3 Rd7 20. Rad1 Rhd8 21. Rd4 e5 22. Rc4 Kb7 23. Ra4 Kb8 24. Ra6 Nh4 25.
Bc5 Nxg2 26. Re4 Rc8 27. Rb4+ Ka8 28. Rba4 Rcc7 29. b4 Ne1+ 30. Kb3 Nf3 31.
Bb6 Rb7 32. Bc5 Nxh2 33. Rxc6 h5 34. c4 Nf3 35. b5 Rbc7 36. Rxc7 Rxc7 37.
Be3 Kb8 38. Ra6 h4 39. Rd6 Kc8 40. Rd1 f5 41. Kb4 h3 42. a4 h2 43. Rh1 f4
44. Bc5 g5 45. a5 g4 46. b6 axb6 47. axb6 Rh7 48. Kb5 g3 49. fxg3 Rh8 0-1

[Event "38th Olympiad"]
[Site "Dresden GER"]
[Date "2008.11.13"]
[Round "1"]
[White "Aleksandrov,A"]
[Black "Barrientos,S"]
[Result "1-0"]
[WhiteElo "2617"]
[BlackElo "2450"]
[EventDate "2008.11.13"]

1. d4 d5 2. c4 c6 3. Nc3 Nf6 4. e3 a6 5. Nf3 b5 6. b3 Bg4 7. h3 Bxf3 8.
gxf3 e6 9. Bg2 Bb4 10. Bd2 Nbd7 11. O-O Bxc3 12. Bxc3 O-O 13. Qe2 Re8 14.
cxb5 axb5 15. a4 bxa4 16. bxa4 e5 17. Rfc1 e4 18. Be1 exf3 19. Qxf3 Re6 20.
a5 Ne4 21. Rab1 Rg6 22. Rb2 c5 23. Qf5 Rg5 24. Qf4 g6 25. f3 Rf5 26. Qh4
Nef6 27. dxc5 Ne5 28. c6 Nd3 29. Rbc2 Nxc1 30. Rxc1 Qc7 31. Qd4 Ne8 32. f4
Qd8 33. Bc3 f6 34. Rb1 Qd6 35. Rb6 Nc7 36. Qb4 Qe6 37. Bd4 Kg7 38. Rb7 Rc8
39. Qb6 Qd6 40. a6 Kh6 41. Bc5 Qd8 42. Rxc7 Rxc7 43. a7 d4 44. Bxd4 g5 45.
Qb8 1-0